EU Competition law and economics / (Record no. 11560)

MARC details
000 -LEADER
fixed length control field 00785nam a22002412 4500
001 - CONTROL NUMBER
control field 0000024508
005 - DATE AND TIME OF LATEST TRANSACTION
control field 20151217154511.0
008 - FIXED-LENGTH DATA ELEMENTS--GENERAL INFORMATION
fixed length control field 131219s xx 000 0 eng d
020 ## - INTERNATIONAL STANDARD BOOK NUMBER
International Standard Book Number 0199566563 :
040 ## - CATALOGING SOURCE
Original cataloging agency KABU
Transcribing agency KABU
100 1# - MAIN ENTRY--PERSONAL NAME
Personal name Geradin, Damien.
-- 0000166130
245 10 - TITLE STATEMENT
Title EU Competition law and economics /
Statement of responsibility, etc. Damien Geradin, Ann Layne-Farrar, Nicolas Petit.
250 ## - EDITION STATEMENT
Edition statement 1st ed.
260 ## - PUBLICATION, DISTRIBUTION, ETC. (IMPRINT)
Place of publication, distribution, etc. Oxford :
Name of publisher, distributor, etc. O. U. P.,
Date of publication, distribution, etc. 2012.
300 ## - PHYSICAL DESCRIPTION
Extent xxxvii, 560 p.
650 #0 - SUBJECT ADDED ENTRY--TOPICAL TERM
Topical term or geographic name as entry element Antitrust law.
Geographic subdivision European Union coutries.
-- 0000178756
650 #0 - SUBJECT ADDED ENTRY--TOPICAL TERM
Topical term or geographic name as entry element Law and economics.
-- 0000184727
700 1# - ADDED ENTRY--PERSONAL NAME
Personal name Layne-Farrar, Anne.
-- 0000184728
700 1# - ADDED ENTRY--PERSONAL NAME
Personal name Petit, Nicolas.
-- 0000184729
852 1# - LOCATION
-- p24975 KES
908 ## - PUT COMMAND PARAMETER (RLIN)
Put command parameter 131219
950 ## - LOCAL HOLDINGS (RLIN)
-- 1
Holdings
Withdrawn status Lost status Source of classification or shelving scheme Not for loan Home library Current library Date acquired Total Checkouts Full call number Barcode Date last seen Price effective from Koha item type
    Library of Congress Classification   Kabarak, Main Campus Kabarak, Main Campus 17/12/2015   KJE6456 .G47 2012 c. 1 016231 17/12/2015 17/12/2015 General Collection
Designed with assistance from East African Informatics Ltd